| 000 | 01889nam a2200289Ia 4500 | ||
|---|---|---|---|
| 001 | F9113 | ||
| 003 | IT-RoPAU | ||
| 008 | 130308s9999 xx 000 0 und d | ||
| 040 | _aIT-RoPAU | ||
| 040 | _cIT-RoPAU | ||
| 041 | _aITALIANO | ||
| 100 | _aLobrutto Vincent | ||
| 100 | _gCodice Aut. SPICS: 53191 | ||
| 245 | _aStanley Kubrick. L'uomo dietro la leggenda: biografia | ||
| 245 | _bStanley Kubrick. l'uomo Dietro la Leggenda: Biografia | ||
| 250 | _a1a ed. | ||
| 260 | _aMILANO | ||
| 260 | _bIl Castoro | ||
| 260 | _c1999 [1° Ed.:1999 - Ed.Ling.Originale:1997] | ||
| 300 | _a"576 p. (prefazione: no ; testo: 576 [pagine: 0-0])" | ||
| 500 | _a"Storia di un Ragazzo del Bronx che è Riuscito a Diventare una Stella. muore a Londra Il 7 Marzo 1999 a 70 Anni. Non Ha Visto Il Nuovo Secolo, che Pero' Aveva Visitato con Il suo Capolavoro ""2001: Odissea Nello Spazio"". al momento della Morte Aveva Appena Terminato Il suo XIII lungometraggio Eyes Wide Shut, Sui Limiti della Sessualità e le Emozioni che nascono Dall'Ossessione Erotica e Dalla Gelosia. Biografia Divisa in 6 Parti: 1928 1948: Il Bronx Dove nacque e Visse la Sua Giovinezza. 1948 1956: New York, Dove Fa Ilfotografo per la rivista look e Sogna di Fare Il Regista, Inizia con cortometraggi e I Primi Lungometraggi, regista di Guerriglia. 1956 1960: Hollywood: la Harris Kubrick. 1960 1964: Inghilterra. 1964 1987: Isolamento, solitudine ed Eremitaggio. parte Vi: Infinito. Filmografia, da Ricordare: Il Bacio dell'Assassino (1955), Rapina a Mano Armata (1956), Orizzonti di Gloria (1957), Spartacus (1960), Lolita (1962), Il dottor Stranamore (1964), 2001:Odissea Nello Spazio (1968), Arancia meccanica (1971), Barry Lyndon (1975), Shining (1980), Full Metal Jacket (1987)." | ||
| 650 | _aAUTORI/OPERE DEL CINEMA | ||
| 650 | _eCodice materia Spics: 6807 | ||
| 942 | _cBK | ||
| 957 | _71 | ||
| 999 |
_c93156 _d93156 |
||
| 999 | _g1 | ||